[Event "IECC CL3-2020.02 email"]
[Site "IECC email"]
[Date "2020.06.07"]
[Round "?"]
[White "Jordaan, Wayne"]
[Black "Bertel, Michael"]
[Result "1/2-1/2"]
[WhiteElo "1864"]
[BlackElo "1810"]
[PlyCount "97"]
[EventDate "2020.??.??"]
[EventType "tourn (corr)"]
[EventRounds "4"]
[SourceTitle "Corr 2024"]
[Source "ChessBase"]
[SourceDate "2023.10.19"]
[SourceVersion "1"]
[SourceVersionDate "2023.10.19"]
[SourceQuality "1"]
[WhiteTeam "Südafrika"]
[BlackTeam "Vereinigte Staaten"]
[WhiteTeamCountry "RSA"]
[BlackTeamCountry "USA"]

1. d4 Nf6 2. c4 e6 3. Nc3 d5 4. cxd5 exd5 5. Bg5 c6 6. e3 h6 7. Bh4 Bd6 8. Bd3 0-0 9. Nge2 Na6 10. Bxa6 bxa6 11. h3 a5 12. 0-0 Rb8 13. Qc2 Ba6 14. Rfc1 Rc8 15. Na4 Re8 16. Ng3 g5 17. Nf5 Bf8 18. Bg3 Ne4 19. Be5 c5 20. Qd1 cxd4 21. Bxd4 Rxc1 22. Rxc1 Bc8 23. Qf3 Nd2 24. Qe2 Ne4 25. Ng3 Nxg3 26. fxg3 Qd6 27. Qf2 Bg7 28. Rc5 Bxd4 29. exd4 Qd8 30. Kh2 Bb7 31. Nc3 Re6 32. Qf5 Rd6 33. Nb5 Rf6 34. Qe5 Re6 35. Qc7 Qxc7 36. Rxc7 Rb6 37. Nc3 Bc6 38. b3 a6 39. g4 Kg7 40. Kg3 Kf6 41. Kf2 Ke6 42. Ke3 Kf6 43. Rd7 Ke6 44. Ra7 Kf6 45. Kd2 Ke6 46. Ke3 Kf6 47. Kd3 Ke6 48. Kc2 Kf6 49. Kd3 1/2-1/2